[Event "Ì13Â"]
[Site "Loo"]
[Date "2017.04.27"]
[Round "8.25"]
[White "Êîçóáîâ, Ìèõàèë."]
[Black "Ñìèðíîâ, Ñàâåëèé."]
[Result "1-0"]
[WhiteElo "1732"]
[BlackElo "1532"]
[PlyCount "59"]
[EventDate "2017.04.20"]

1. d4 d5 2. c4 e6 3. e3 Nf6 4. Nc3 c6 5. Nf3 Nbd7 6. Bd3 dxc4 7. Bxc4 b5 8. Bd3
a6 9. O-O Be7 10. Re1 O-O 11. e4 c5 12. d5 exd5 13. e5 Ne8 14. Nxd5 Nb6 15.
Nxe7+ Qxe7 16. Be3 Bg4 17. Qc2 Rc8 18. Bxh7+ Kh8 19. Bg5 Qb7 20. Be4 Qc7 21. h3
Bxf3 22. Bxf3 Nc4 23. Qc3 f6 24. exf6 Nxf6 25. b3 Nb6 26. Rad1 b4 27. Qc2 c4
28. Re6 Nfd7 29. Re7 Qc5 30. Qg6 1-0

[Event "Ì15Ï"]
[Site "Loo"]
[Date "2017.04.27"]
[Round "8.1"]
[White "Ñëóãèí, ßðîñëàâ."]
[Black "Àñàòðÿí, Ãîð."]
[Result "1/2-1/2"]
[WhiteElo "1974"]
[BlackElo "1916"]
[PlyCount "80"]
[EventDate "2017.04.20"]

1. d4 Nf6 2. Nf3 g6 3. Bg5 Bg7 4. Nbd2 O-O 5. c3 d6 6. e4 Nc6 7. Be2 Qe8 8. O-O
e5 9. dxe5 dxe5 10. b4 Nh5 11. Qc2 f5 12. Ne1 Nf4 13. Bxf4 exf4 14. Rc1 b6 15.
Nef3 Kh8 16. Bc4 fxe4 17. Qxe4 Bf5 18. Qxe8 Raxe8 19. Bb5 Bd7 20. Nb3 Ne5 21.
Bxd7 Nxd7 22. Rfd1 Nf6 23. Nbd4 Ne4 24. c4 c5 25. bxc5 Nxc5 26. Nb3 Ne4 27. Rd7
Nc3 28. Rc2 Rd8 29. Rcd2 Rxd7 30. Rxd7 a5 31. a3 Nb1 32. a4 Nc3 33. c5 bxc5 34.
Nxc5 Rc8 35. g3 Rxc5 36. Rd8+ Bf8 37. Rxf8+ Kg7 38. Ra8 fxg3 39. hxg3 Nxa4 40.
Nd4 Rc1+ 1/2-1/2

[Event "Ì15Ï"]
[Site "Loo"]
[Date "2017.04.27"]
[Round "8.2"]
[White "Äîëãèõ, Åâãåíèé."]
[Black "Êèñåëåâ, Âëàäèñëàâ."]
[Result "0-1"]
[WhiteElo "2003"]
[BlackElo "1993"]
[PlyCount "116"]
[EventDate "2017.04.20"]

1. d4 d5 2. c4 e6 3. Nc3 c6 4. Qd3 Bd6 5. Nf3 h6 6. g3 Nd7 7. Bg2 f5 8. cxd5
cxd5 9. Qe3 Ndf6 10. O-O Ne7 11. Ne5 Bxe5 12. dxe5 Ng4 13. Qc5 Nxe5 14. Nb5 O-O
15. Bf4 N7c6 16. Nxa7 Rxa7 17. Bxe5 Ra5 18. Qd6 Nxe5 19. Qxe5 d4 20. Qb8 Rb5
21. Rab1 Bd7 22. Qd6 Bc8 23. Qxd8 Rxd8 24. Rfd1 e5 25. Rd2 e4 26. Rbd1 Rbd5 27.
f3 e3 28. Rd3 f4 29. gxf4 Bf5 30. Ra3 d3 31. exd3 Rxd3 32. Raxd3 Rxd3 33. Rxd3
Bxd3 34. f5 Kf7 35. f4 b6 36. Bd5+ Kf6 37. Kg2 Kxf5 38. Kf3 e2 39. Kf2 Kxf4 40.
Bf3 g5 41. b4 Ke5 42. a4 Kd4 43. Bh5 Kc3 44. a5 bxa5 45. bxa5 Kd2 46. Bxe2 Bxe2
47. a6 Bxa6 48. Kf3 Be2+ 49. Ke4 Bg4 50. Ke5 Ke3 51. Kf6 Kf4 52. Kg6 h5 53. Kh6
h4 54. Kg6 Bf3 55. Kf6 g4 56. Kg6 g3 57. hxg3+ hxg3 58. Kh6 g2 0-1

[Event "Ì15Ï"]
[Site "Loo"]
[Date "2017.04.27"]
[Round "8.3"]
[White "Ñîìêèí, Êèðèëë."]
[Black "Ìîðãà÷åâ, Ñåðãåé."]
[Result "1-0"]
[WhiteElo "1942"]
[BlackElo "1814"]
[PlyCount "99"]
[EventDate "2017.04.20"]

1. e4 c5 2. c3 d5 3. exd5 Qxd5 4. d4 Nf6 5. Nf3 Bg4 6. Be2 e6 7. O-O Nc6 8. h3
Bh5 9. Be3 cxd4 10. cxd4 Be7 11. Nc3 Qd6 12. Qb3 O-O 13. Rfd1 Rfd8 14. Rac1 Qb4
15. Qc2 Rac8 16. a3 Qd6 17. Qb3 Qb8 18. d5 exd5 19. Nxd5 Nxd5 20. Rxd5 Rxd5 21.
Qxd5 Bg6 22. Nd4 Nxd4 23. Rxc8+ Qxc8 24. Qxd4 b6 25. Qa4 Qc7 26. Bf4 Qd8 27.
Qxa7 h6 28. Qb8 Qxb8 29. Bxb8 Bf6 30. b3 Kf8 31. Bd6+ Be7 32. Bxe7+ Kxe7 33. f4
Kd6 34. Kf2 Be4 35. g3 Bd5 36. Bd1 Kc5 37. Ke3 Bg2 38. h4 Bd5 39. Kd3 f6 40.
b4+ Kd6 41. a4 Bg2 42. Kd4 Bb7 43. Bc2 Bc8 44. Bd3 Bb7 45. a5 bxa5 46. bxa5 Bc8
47. Be4 Ba6 48. Bf3 Bc8 49. Kc4 Ba6+ 50. Kb4 1-0

[Event "Ì15Ï"]
[Site "Loo"]
[Date "2017.04.27"]
[Round "8.4"]
[White "Äîëãèðåâ, Ëåâ."]
[Black "Áðèíü, Èëüÿ."]
[Result "1/2-1/2"]
[WhiteElo "1669"]
[BlackElo "1909"]
[PlyCount "154"]
[EventDate "2017.04.20"]

1. d4 Nf6 2. Nf3 c5 3. d5 g6 4. Nc3 Bg7 5. e4 d6 6. Be2 Bg4 7. O-O O-O 8. Be3
e6 9. h3 Bxf3 10. Bxf3 e5 11. Be2 a6 12. a4 Nfd7 13. Qd2 Qe7 14. Bd3 Re8 15. a5
Nf6 16. b4 Nbd7 17. bxc5 Nxc5 18. Bxc5 dxc5 19. Rfb1 Nh5 20. g3 f5 21. Bc4 Kh8
22. Rb6 Nf6 23. Rab1 fxe4 24. Rxb7 Qf8 25. Qe2 e3 26. Qxe3 e4 27. R1b6 Nh5 28.
Ne2 Bh6 29. Qc3+ Bg7 30. Qe3 Bh6 31. Qc3+ Bg7 32. Qe1 Qf3 33. d6 Rf8 34. Rb3
Qf6 35. d7 Qd8 36. R3b6 Qg5 37. Bxa6 e3 38. f4 Nxf4 39. Nxf4 Rxf4 40. Re6 e2
41. Re8+ Rf8 42. Qxe2 Qxg3+ 43. Qg2 Bd4+ 44. Kh1 Qf4 45. Rxf8+ Rxf8 46. Rb1 Qd6
47. Rf1 Rxf1+ 48. Qxf1 Qd5+ 49. Qg2 Qxd7 50. Qa8+ Kg7 51. Bf1 Qf5 52. Qg2 Qf2
53. Qxf2 Bxf2 54. Kg2 Bd4 55. a6 c4 56. Bxc4 Kf6 57. Kf3 Ke5 58. Bd3 Bb6 59.
Kg4 Ba7 60. Bc4 h5+ 61. Kg5 Be3+ 62. Kxg6 h4 63. Kh5 Bf2 64. Be2 Ke6 65. Bf3
Kf5 66. Bg2 Kf6 67. Be4 Ke5 68. Bd3 Kf6 69. Kg4 Ke5 70. Kf3 Ba7 71. c3 Bc5 72.
Bf1 Ba7 73. Kg4 Bf2 74. c4 Kd6 75. Be2 Ke5 76. Bf3 Kd6 77. Kf5 Bc5 1/2-1/2

[Event "Ì15Ï"]
[Site "Loo"]
[Date "2017.04.27"]
[Round "8.5"]
[White "Òÿïêèí, Ïåòð."]
[Black "Àáðàìîâ, Èëüÿ."]
[Result "1-0"]
[WhiteElo "1960"]
[BlackElo "1902"]
[PlyCount "69"]
[EventDate "2017.04.20"]

1. d4 e6 2. c4 f5 3. Nf3 Nf6 4. g3 d5 5. Bg2 c6 6. O-O Bd6 7. Qc2 O-O 8. Nc3
Ne4 9. Rb1 Qe7 10. b4 b5 11. cxb5 Nxc3 12. Qxc3 cxb5 13. Bg5 Qb7 14. Ne5 Nd7
15. Rfc1 Nb6 16. Qd3 Bd7 17. Bf4 Nc4 18. Nxc4 bxc4 19. Qxc4 Rac8 20. Qb3 Be7
21. Bd2 Qa6 22. b5 Rxc1+ 23. Bxc1 Qb6 24. e3 Qa5 25. a4 Rf6 26. Ba3 Qd8 27. Bc5
Bxc5 28. dxc5 Qc7 29. b6 axb6 30. cxb6 Qb7 31. a5 Rf8 32. Bf1 Ra8 33. a6 Qb8
34. b7 Ra7 35. Qb6 1-0

[Event "Ì15Ï"]
[Site "Loo"]
[Date "2017.04.27"]
[Round "8.6"]
[White "Ãàáäðàõìàíîâ, Àçàò."]
[Black "Ðóäîâñêèé, Ôèëèïï."]
[Result "1-0"]
[WhiteElo "2011"]
[BlackElo "1710"]
[PlyCount "103"]
[EventDate "2017.04.20"]

1. e4 d5 2. exd5 Qxd5 3. d4 Nc6 4. Be3 Nf6 5. Nc3 Qa5 6. Bc4 Bg4 7. f3 Bf5 8.
Nge2 O-O-O 9. O-O e5 10. Bd2 exd4 11. Ne4 Qb6 12. Bd3 Nxe4 13. fxe4 Bg6 14. b3
Ne5 15. Nf4 Kb8 16. b4 f6 17. Rb1 Bf7 18. a4 g5 19. Ne2 Bc4 20. Nc1 h5 21. b5
Ba3 22. Nb3 Nxd3 23. cxd3 Bxb3 24. Qxb3 Qd6 25. Rf5 b6 26. a5 Bc5 27. Ra1 Rhf8
28. Qc4 Rd7 29. Rb1 Rdd8 30. Rc1 Rd7 31. Qb3 Re8 32. Rcf1 Re6 33. Bxg5 Rg7 34.
Bxf6 Rg8 35. Rd5 Qf8 36. Rxc5 Qe8 37. Rg5 Rf8 38. e5 Rexf6 39. exf6 Qe3+ 40.
Kh1 Qxg5 41. f7 bxa5 42. Qa3 Qh6 43. Qe7 a4 44. Re1 Kb7 45. Qe4+ c6 46. bxc6+
Ka6 47. Qe7 Rb8 48. c7 Rb6 49. c8=Q+ Ka5 50. Qec5+ Rb5 51. Qxb5+ Kxb5 52. Rb1+
1-0

[Event "Ì15Ï"]
[Site "Loo"]
[Date "2017.04.27"]
[Round "8.7"]
[White "Êðåòîâ, Ëåîíèä."]
[Black "Êîçëîâ, Äåíèñ."]
[Result "1-0"]
[WhiteElo "1911"]
[BlackElo "1789"]
[PlyCount "115"]
[EventDate "2017.04.20"]

1. Nf3 Nf6 2. d4 d5 3. Bf4 c5 4. e3 Nc6 5. c3 Qb6 6. Qb3 c4 7. Qc2 Bf5 8. Qc1
e6 9. Be2 Be7 10. O-O O-O 11. Nh4 Bg6 12. Nxg6 hxg6 13. h3 Rfc8 14. Nd2 Qd8 15.
b4 cxb3 16. axb3 a6 17. Qb2 b5 18. b4 Ne8 19. Nb3 Bd6 20. Bxd6 Nxd6 21. Nc5 a5
22. bxa5 Nxa5 23. Rfb1 Ndc4 24. Qxb5 Rcb8 25. Qd7 Qxd7 26. Nxd7 Rxb1+ 27. Rxb1
Rd8 28. Nc5 Kf8 29. Bd3 Ke7 30. e4 e5 31. Bxc4 Nxc4 32. Rb7+ Ke8 33. dxe5 Nxe5
34. f4 Rc8 35. Na4 Nd3 36. exd5 Nxf4 37. d6 Rc6 38. d7+ Ke7 39. Nb6 Ne2+ 40.
Kf2 Rxb6 41. Rxb6 Nxc3 42. Rb8 Kxd7 43. Rg8 Ne4+ 44. Ke3 Nf6 45. Ra8 Ke6 46. g4
Ke5 47. Kf3 Nd7 48. Ra5+ Ke6 49. Kf4 f6 50. h4 Ne5 51. Ra7 Nd7 52. h5 Ke7 53.
hxg6 Kd6 54. Ke4 Ke6 55. Ra6+ Ke7 56. Kd5 Ne5 57. Ra7+ Kf8 58. Ke6 1-0

[Event "Ì15Ï"]
[Site "Loo"]
[Date "2017.04.27"]
[Round "8.8"]
[White "Ïàâëîâ, Ìèõàèë."]
[Black "Áîáêîâ, Âàäèì."]
[Result "0-1"]
[WhiteElo "1762"]
[BlackElo "1894"]
[PlyCount "78"]
[EventDate "2017.04.20"]

1. e4 c5 2. Nf3 e6 3. d4 cxd4 4. Nxd4 Nf6 5. Nc3 Bb4 6. Bd3 Nc6 7. Nxc6 bxc6 8.
Bd2 d5 9. exd5 cxd5 10. O-O O-O 11. a3 Bd6 12. Nb5 Bb8 13. Nd4 Qb6 14. Nf3 e5
15. Bb4 Re8 16. Nd2 a5 17. Bc3 d4 18. Nc4 Qc7 19. Bxa5 Rxa5 20. Nxa5 Qxa5 21.
b4 Qc7 22. g3 Qc6 23. b5 Qd5 24. f3 Bb7 25. Re1 Ba7 26. Rb1 Bc5 27. a4 Qxf3 28.
Qxf3 Bxf3 29. b6 e4 30. a5 Rb8 31. Rb5 exd3 32. Rxc5 d2 33. Rb1 Nd7 34. Rc7
Nxb6 35. axb6 d1=Q+ 36. Rxd1 Bxd1 37. h3 Bf3 38. Kf2 Be4 39. Rd7 f5 0-1

[Event "Ì15Ï"]
[Site "Loo"]
[Date "2017.04.27"]
[Round "8.9"]
[White "Áðàò÷èêîâ, Âëàäèñëàâ."]
[Black "Áðàæíèêîâ, Äìèòðèé."]
[Result "1-0"]
[WhiteElo "1894"]
[BlackElo "1465"]
[PlyCount "67"]
[EventDate "2017.04.20"]

1. d4 Nf6 2. Nf3 g6 3. Bf4 d5 4. e3 Bg7 5. Be2 c5 6. O-O O-O 7. c3 b6 8. Nbd2
Bb7 9. Ne5 Nbd7 10. Ndf3 Nxe5 11. Nxe5 Nd7 12. Bg3 f6 13. Nxd7 Qxd7 14. dxc5
bxc5 15. c4 d4 16. exd4 cxd4 17. b4 e5 18. c5 e4 19. Bc4+ Kh8 20. b5 Rac8 21.
Bd6 Rfd8 22. Qxd4 f5 23. Qd1 h6 24. Rc1 Kh7 25. Qb3 e3 26. fxe3 Qe8 27. Be6 Ra8
28. Rfd1 Be4 29. c6 Rxd6 30. Rxd6 Rd8 31. Rd7 f4 32. c7 Rxd7 33. c8=Q Qe7 34.
Qg8# 1-0

[Event "Ì15Ï"]
[Site "Loo"]
[Date "2017.04.27"]
[Round "8.10"]
[White "Àãàáåêîâ, Ñàâåëèé."]
[Black "Øàäóíö, Êèðèëë."]
[Result "1-0"]
[WhiteElo "1700"]
[BlackElo "1877"]
[PlyCount "75"]
[EventDate "2017.04.20"]

1. e4 e6 2. d4 d5 3. Nc3 Bb4 4. exd5 exd5 5. Bd3 Nc6 6. a3 Ba5 7. Nge2 Nge7 8.
O-O O-O 9. Be3 Bf5 10. Bb5 a6 11. Ba4 b5 12. Bb3 Qd7 13. Nf4 Bxc3 14. bxc3 Na5
15. Nd3 Nc8 16. Bf4 Nb6 17. Nc5 Qc6 18. Qf3 Nb7 19. Nxb7 Qxb7 20. h4 c6 21. h5
Qd7 22. h6 g6 23. Qg3 Nc4 24. Rfe1 f6 25. Re2 Rfe8 26. Bxc4 dxc4 27. Rd2 Qd5
28. f3 Re7 29. Bd6 Rd7 30. Bc5 Re8 31. Re1 Qf7 32. Rxe8+ Qxe8 33. Re2 Qd8 34.
Qe1 Kf7 35. g4 Bxc2 36. Rxc2 Qb8 37. Re2 g5 38. Re7+ 1-0

[Event "Ì15Ï"]
[Site "Loo"]
[Date "2017.04.27"]
[Round "8.11"]
[White "Áåëîâ, Êèðèëë."]
[Black "Êîïòåâ, Ðóñëàí."]
[Result "1/2-1/2"]
[WhiteElo "1615"]
[BlackElo "1814"]
[PlyCount "68"]
[EventDate "2017.04.20"]

1. e4 c5 2. Nf3 a6 3. d4 cxd4 4. Nxd4 Nf6 5. Nc3 e5 6. Nf3 Bb4 7. Qd3 Nc6 8.
Bd2 O-O 9. Be2 d6 10. O-O h6 11. Rad1 Be6 12. a3 Bxc3 13. Bxc3 Qb6 14. b4 Rfd8
15. Bb2 Rac8 16. Rfe1 Ne7 17. Bf1 Ng6 18. g3 d5 19. Nxe5 dxe4 20. Qe2 Rxd1 21.
Qxd1 Rd8 22. Qe2 Nxe5 23. Bxe5 Ng4 24. Bf4 f5 25. h3 Nf6 26. c4 Qc6 27. Rc1 Qa4
28. Qb2 Kf7 29. Rc2 Rd7 30. Kg2 Rd8 31. Kg1 Rd7 32. Kg2 Rd8 33. Kg1 Rd7 34. Kg2
Rd8 1/2-1/2

[Event "Ì15Ï"]
[Site "Loo"]
[Date "2017.04.27"]
[Round "8.12"]
[White "Äîí, Àëåêñàíäð."]
[Black "Ìåñòíèêîâ, Àéäûí."]
[Result "1/2-1/2"]
[WhiteElo "1836"]
[BlackElo "1699"]
[PlyCount "116"]
[EventDate "2017.04.20"]

1. e4 c5 2. Nf3 d6 3. d4 cxd4 4. Nxd4 Nf6 5. Nc3 a6 6. Be2 e6 7. O-O Be7 8. f4
b5 9. Bf3 Bb7 10. a3 Qc7 11. Be3 O-O 12. Kh1 Nbd7 13. Qd2 Nc5 14. e5 dxe5 15.
fxe5 Nfd7 16. Bxb7 Nxb7 17. Bf4 Rac8 18. Qe2 Bc5 19. Nb3 Ba7 20. Rf3 Rfd8 21.
Raf1 Nf8 22. Bg5 Rd7 23. Rh3 Bb8 24. Qg4 Ng6 25. Qh5 h6 26. Bf6 Qc4 27. Ne2
gxf6 28. Rc3 Bxe5 29. Rxc4 Rxc4 30. g3 Rxc2 31. Nf4 Bxf4 32. gxf4 Rxb2 33. f5
Rd5 34. Qxh6 exf5 35. Re1 Nd6 36. Na5 Rdd2 37. Nc6 Ne4 38. Nb4 Ne5 39. Rc1 Nc4
40. Rg1+ Ng5 41. Nd5 Rxd5 42. Qxf6 f4 43. Rxg5+ Rxg5 44. Qxg5+ Kf8 45. Qxf4 Kg7
46. h4 Rb1+ 47. Kg2 Rb2+ 48. Kg3 Rb3+ 49. Kg4 Re3 50. Qg5+ Kh7 51. Qf5+ Kg7 52.
Qg5+ Kh7 53. Qf4 Kg7 54. h5 Re6 55. Kh4 Nd6 56. Qd4+ Kh7 57. Qd3+ Kg7 58. Qd4+
Kh7 1/2-1/2

[Event "Ì15Ï"]
[Site "Loo"]
[Date "2017.04.27"]
[Round "8.13"]
[White "Ãàãàðèí, Âàñèëèé."]
[Black "Áîêòàåâ, Àäüÿí."]
[Result "1-0"]
[WhiteElo "1956"]
[BlackElo "1759"]
[PlyCount "99"]
[EventDate "2017.04.20"]

1. e4 e5 2. Nf3 Nc6 3. Bc4 Bc5 4. O-O Nf6 5. d3 h6 6. c3 d6 7. a4 a5 8. Be3 Ba7
9. Na3 O-O 10. Nc2 Be6 11. Bxe6 fxe6 12. Bxa7 Rxa7 13. Qe2 Qe7 14. d4 exd4 15.
Nfxd4 Nxd4 16. Nxd4 e5 17. Nb5 Raa8 18. Qc4+ Kh7 19. Qxc7 Qxc7 20. Nxc7 Rac8
21. Nb5 Nxe4 22. f3 Nd2 23. Rfd1 Nc4 24. b3 Ne3 25. Rxd6 e4 26. Re6 Nd5 27. c4
Nf4 28. Rxe4 Rcd8 29. g3 Nh3+ 30. Kg2 Ng5 31. Re2 Nxf3 32. Rf1 Ng5 33. Rxf8
Rxf8 34. h4 Nf7 35. Re7 b6 36. Rb7 Ne5 37. Rxb6 Rd8 38. Nd6 Nd7 39. Rb5 Nf6 40.
c5 Nd5 41. Rxa5 Rb8 42. Rb5 Ra8 43. c6 Nc7 44. Rb7 Ne6 45. c7 Nc5 46. Rb8 Ra6
47. c8=Q Rxd6 48. Qxc5 Rd2+ 49. Kh3 h5 50. Qxh5# 1-0

[Event "Ì15Ï"]
[Site "Loo"]
[Date "2017.04.27"]
[Round "8.14"]
[White "Øàêèðîâ, Ìàðàò."]
[Black "Øèëüíèêîâ, Àíòîí."]
[Result "1-0"]
[WhiteElo "1849"]
[BlackElo "1757"]
[PlyCount "57"]
[EventDate "2017.04.20"]

1. d4 Nf6 2. Nf3 e6 3. c4 d5 4. Nc3 c6 5. Bg5 Nbd7 6. cxd5 cxd5 7. e3 Qa5 8.
Bd3 Bb4 9. Qb3 Ne4 10. Rc1 O-O 11. O-O h6 12. Bf4 Bxc3 13. bxc3 g5 14. Bg3 Ndf6
15. Be5 Ng4 16. Qc2 f5 17. h3 Nxe5 18. Nxe5 Qc7 19. c4 Qg7 20. cxd5 exd5 21.
Qc7 Qf6 22. Bc2 b6 23. Bb3 Be6 24. Nd7 Qg6 25. Nxf8 Rxf8 26. Qe5 Rd8 27. Rc6
Nd2 28. Rxe6 Qh5 29. Bxd5 1-0

[Event "Ì15Ï"]
[Site "Loo"]
[Date "2017.04.27"]
[Round "8.15"]
[White "Ðîëüãåéçåð, Ìàðòèí."]
[Black "Ïåòðîâ, Íèêîëàé."]
[Result "1-0"]
[WhiteElo "1694"]
[BlackElo "1832"]
[PlyCount "135"]
[EventDate "2017.04.20"]

1. e4 c5 2. Nf3 d6 3. d4 cxd4 4. Nxd4 Nf6 5. Nc3 a6 6. f3 e5 7. Nb3 Be6 8. Be3
Be7 9. Qd2 Nbd7 10. g4 Rc8 11. O-O-O O-O 12. g5 Nh5 13. Rg1 b5 14. Nd5 Bxd5 15.
Qxd5 Qc7 16. Qd2 Nb6 17. Kb1 Nc4 18. Bxc4 bxc4 19. Nc1 c3 20. Qxc3 Qxc3 21.
bxc3 Rxc3 22. Rd3 Rfc8 23. Rxc3 Rxc3 24. Nd3 g6 25. Kb2 Rc8 26. Nb4 Rb8 27. Kc3
Bd8 28. Nxa6 Ba5+ 29. Kc4 Rb2 30. Kd5 Rxc2 31. Kxd6 Rxa2 32. Rc1 Ra3 33. Rc8+
Kg7 34. Bc5 Rxf3 35. Kxe5 f6+ 36. gxf6+ Rxf6 37. Nc7 Bc3+ 38. Kd5 Nf4+ 39. Kc4
Kf7 40. Kxc3 Rc6 41. Nb5 Rxc8 42. Nd6+ Ke6 43. Nxc8 Ke5 44. Nd6 Ne6 45. Bb4 Ng5
46. Kd3 Nf3 47. Nc4+ Ke6 48. Bd6 Ng5 49. Bg3 Nf7 50. Nb2 g5 51. Na4 h5 52. Nc5+
Ke7 53. Kd4 h4 54. Be1 Kf6 55. Kd5 Nh6 56. e5+ Kf5 57. Ne4 Ng8 58. Bb4 g4 59.
Bf8 g3 60. hxg3 h3 61. Nf2 h2 62. Kd6 Kg5 63. Ke6 Kg6 64. Nh1 Kg5 65. Kf7 Kf5
66. Kxg8 Kxe5 67. Nf2 Kd4 68. Bh6 1-0

[Event "Ì15Ï"]
[Site "Loo"]
[Date "2017.04.27"]
[Round "8.16"]
[White "Àéðàïåòÿí, Òèãðàí."]
[Black "ßðîø, Ðóñëàí."]
[Result "0-1"]
[WhiteElo "1683"]
[BlackElo "1814"]
[PlyCount "112"]
[EventDate "2017.04.20"]

1. e4 d6 2. d4 Nf6 3. Nc3 Nbd7 4. Be2 e5 5. Be3 Be7 6. Qd2 c6 7. f3 O-O 8.
O-O-O b5 9. Kb1 a5 10. d5 b4 11. dxc6 bxc3 12. Qxc3 Qc7 13. cxd7 Qxc3 14. bxc3
Bxd7 15. Nh3 Rfc8 16. Bd2 Rab8+ 17. Ka1 Ba4 18. Bd3 d5 19. Rb1 Rxb1+ 20. Rxb1
dxe4 21. fxe4 Bc6 22. Nf2 Bc5 23. Be1 h6 24. g3 a4 25. Bb5 Bxf2 26. Bxf2 Nxe4
27. Be1 Bxb5 28. Rxb5 f6 29. Kb2 Nd6 30. Rb4 Nc4+ 31. Kc1 a3 32. Kd1 Kf7 33.
Ke2 e4 34. Bf2 Rc7 35. Bd4 f5 36. Rb5 Ke6 37. Rb8 Kf7 38. Rb5 Kg6 39. Ke1 Kg5
40. h3 h5 41. Ke2 g6 42. Bf2 e3 43. Bg1 Kf6 44. Rb3 g5 45. Rb5 Kg6 46. Rb4 f4
47. Bh2 Kf5 48. gxf4 gxf4 49. Kf3 Ne5+ 50. Ke2 Rc4 51. Rb3 Ke4 52. Bg1 f3+ 53.
Kd1 Ng6 54. Rxa3 Nf4 55. Ra7 e2+ 56. Ke1 Ng2+ 0-1

[Event "Ì15Ï"]
[Site "Loo"]
[Date "2017.04.27"]
[Round "8.17"]
[White "Âëàñîâ, Àëåêñàíäð."]
[Black "Êóìàðãàëèåâ, Ìàðñåëü."]
[Result "0-1"]
[WhiteElo "1808"]
[BlackElo "1716"]
[PlyCount "114"]
[EventDate "2017.04.20"]

1. d4 Nf6 2. Nf3 g6 3. Bf4 Bg7 4. Qc1 O-O 5. Bh6 c5 6. c3 d5 7. h4 Nc6 8. h5
Bxh6 9. Qxh6 Ng4 10. Qd2 e5 11. dxc5 e4 12. Nd4 e3 13. fxe3 Qf6 14. Nf3 Re8 15.
hxg6 hxg6 16. Na3 Bf5 17. Nb5 Re7 18. Nd6 Nxe3 19. Nxf5 Qxf5 20. Rc1 Rae8 21.
b4 Qg4 22. Kf2 Nxf1 23. Rcxf1 Rxe2+ 24. Qxe2 Rxe2+ 25. Kxe2 Qxg2+ 26. Kd1 Qg4
27. Kc2 Ne5 28. Nd4 Qe4+ 29. Kb3 Nc6 30. Nxc6 bxc6 31. Rd1 a5 32. bxa5 Qc4+ 33.
Kb2 Qb5+ 34. Kc2 Qxa5 35. Ra1 Qa4+ 36. Kd2 f5 37. Rhb1 Qf4+ 38. Ke2 Qe4+ 39.
Kd2 Qg2+ 40. Kd3 Qe4+ 41. Kd2 f4 42. a4 Qe3+ 43. Kc2 Qe2+ 44. Kb3 Qc4+ 45. Kb2
d4 46. cxd4 Qxd4+ 47. Kb3 Qd3+ 48. Kb2 Qd2+ 49. Kb3 Qa5 50. Kc4 Kg7 51. Kd4 Kf6
52. Ke4 g5 53. Rc1 Qd2 54. Kf3 Kf5 55. Rg1 g4+ 56. Rxg4 Qe3+ 57. Kg2 Qe2+ 0-1

[Event "Ì15Ï"]
[Site "Loo"]
[Date "2017.04.27"]
[Round "8.18"]
[White "Áîçðèêîâ, Ìàòâåé."]
[Black "Çàêèðîâ, Àðòóð."]
[Result "1-0"]
[WhiteElo "1781"]
[BlackElo "1619"]
[PlyCount "81"]
[EventDate "2017.04.20"]

1. e4 e5 2. Bc4 Nf6 3. d3 Nc6 4. Nc3 Bb4 5. Nge2 d5 6. exd5 Nxd5 7. O-O Be6 8.
Bxd5 Bxd5 9. Nxd5 Qxd5 10. a3 Bc5 11. b4 Be7 12. Nc3 Qd7 13. Bb2 O-O 14. Re1 f6
15. Ne2 Rfd8 16. f4 a5 17. fxe5 fxe5 18. b5 Nd4 19. Bxd4 exd4 20. Ng3 Bh4 21.
Qh5 Bxg3 22. hxg3 g6 23. Qg5 Re8 24. a4 Rxe1+ 25. Rxe1 Rf8 26. Qh4 Qd5 27. Re7
h5 28. Rxc7 Rf7 29. Rc4 Qe5 30. Qxd4 Qe1+ 31. Kh2 Rf1 32. Rc8+ Kf7 33. Qd7+ Kf6
34. Qd8+ Kf5 35. Rc5+ Ke6 36. Qb6+ Kf7 37. Qxb7+ Ke6 38. Qb6+ Kf7 39. Rc7+ Kg8
40. Qxg6+ Kf8 41. Rc8+ 1-0

[Event "Ì15Ï"]
[Site "Loo"]
[Date "2017.04.27"]
[Round "8.19"]
[White "Èâëåâ, Àëåêñàíäð."]
[Black "Àäûðáàåâ, Àëüáåðò."]
[Result "1/2-1/2"]
[WhiteElo "1778"]
[BlackElo "2008"]
[PlyCount "118"]
[EventDate "2017.04.20"]

1. d4 c5 2. e3 Nf6 3. Nf3 d5 4. g3 Nc6 5. Bg2 g6 6. O-O Bg7 7. b3 O-O 8. Bb2
Qc7 9. c4 cxd4 10. cxd5 Nxd5 11. Nxd4 Nxd4 12. Bxd4 Nf6 13. Bb2 Bg4 14. f3 Be6
15. Qe2 Rac8 16. Nc3 Qb6 17. Kh1 Nd7 18. Na4 Qa5 19. Bxg7 Kxg7 20. Rac1 b5 21.
Qb2+ Kg8 22. Nc3 Ne5 23. Nd5 Bxd5 24. Qxe5 Be6 25. Qb2 Rfd8 26. Rxc8 Rxc8 27.
Rd1 Qc3 28. Qe2 Qc2 29. Bf1 Qxe2 30. Bxe2 b4 31. Rd2 Rc3 32. e4 Bh3 33. Kg1 a5
34. Kf2 Be6 35. Rd8+ Kg7 36. Ra8 Rc5 37. Ke3 g5 38. Bd3 g4 39. f4 f5 40. exf5
Bxf5 41. Kd4 Rc8 42. Rxc8 Bxc8 43. Ke5 h5 44. Bf5 Bb7 45. Ke6 Bc8+ 46. Ke5 Bb7
47. Bd7 Kg6 48. Be8+ Kh6 49. Ke6 Be4 50. Kxe7 Bb1 51. Ba4 h4 52. Kf6 hxg3 53.
hxg3 Bxa2 54. f5 Bb1 55. Ke6 Kg7 56. Ke5 Bc2 57. Kf4 Kf6 58. Kxg4 Bxf5+ 59. Kf4
Bc2 1/2-1/2

[Event "Ì15Ï"]
[Site "Loo"]
[Date "2017.04.27"]
[Round "8.20"]
[White "Íîâèêîâ, Àëåêñåé."]
[Black "Áàëàøîâ, Åãîð."]
[Result "0-1"]
[WhiteElo "1927"]
[BlackElo "1729"]
[PlyCount "144"]
[EventDate "2017.04.20"]

1. e4 e6 2. d4 d5 3. Nd2 c5 4. Ngf3 Nf6 5. exd5 exd5 6. Bb5+ Bd7 7. Bxd7+ Nbxd7
8. O-O Be7 9. dxc5 Nxc5 10. Nb3 Nce4 11. Nfd4 g6 12. f3 Nd6 13. Bh6 Qc7 14. Re1
O-O-O 15. Bf4 a6 16. Re3 Kb8 17. Qe1 Rhe8 18. Qb4 Ka8 19. Rae1 Bf8 20. Nc5 Rxe3
21. Rxe3 a5 22. Qa3 Qb6 23. Rd3 Nb5 24. Na4 Qxd4+ 25. Rxd4 Bxa3 26. Rd3 Bf8 27.
c4 Nd6 28. cxd5 Nf5 29. g4 Nd6 30. Be5 Bg7 31. Nb6+ Ka7 32. Bd4 Nfe8 33. Bf2
Kb8 34. Ra3 Bxb2 35. Rxa5 Be5 36. Na4 Rc8 37. Ba7+ Kc7 38. Kg2 Nc4 39. Rc5+ Kd8
40. Rb5 Ncd6 41. Bb6+ Kd7 42. Nc5+ Ke7 43. Rb4 g5 44. h4 h6 45. hxg5 hxg5 46.
Rb1 Nc4 47. Nd3 Nxb6 48. Rxb6 Rc2+ 49. Kf1 Bd6 50. Rxb7+ Nc7 51. a4 Kd7 52. a5
Rd2 53. Nf2 Rxd5 54. a6 Ra5 55. Ne4 Be7 56. Nc3 Kc6 57. Kg2 Rxa6 58. Rb2 Bf6
59. Rc2 Bxc3 60. Rxc3+ Kd6 61. Kg3 Nd5 62. Rb3 Ke5 63. Rb5 Ra3 64. Rb8 Nf4 65.
Rb5+ Kf6 66. Rb6+ Kg7 67. Rb2 Re3 68. Kf2 Nd3+ 69. Kxe3 Nxb2 70. f4 Nc4+ 71.
Ke4 f6 72. Kf3 Kg6 0-1

[Event "Ì15Ï"]
[Site "Loo"]
[Date "2017.04.27"]
[Round "8.21"]
[White "Ãàðèôçÿíîâ, Íèÿç."]
[Black "Ïîíòèñ, Ñòàíèñëàâ."]
[Result "1-0"]
[WhiteElo "1874"]
[BlackElo "1693"]
[PlyCount "104"]
[EventDate "2017.04.20"]

1. d4 Nf6 2. c4 g6 3. Nc3 Bg7 4. g3 O-O 5. Bg2 d6 6. Nf3 Nc6 7. O-O a6 8. b3
Rb8 9. Nd5 Nh5 10. Bb2 e6 11. Nc3 b5 12. cxb5 axb5 13. Rc1 Na7 14. b4 Bd7 15.
Qb3 Qe7 16. Ne4 Rfc8 17. Ba3 Bc6 18. Ned2 Nf6 19. Qb1 Nd7 20. e3 Nb6 21. Rfe1
f5 22. e4 fxe4 23. Nxe4 Nc4 24. Qd3 Bd5 25. Ned2 Qf6 26. Nxc4 Bxc4 27. Qc2 Rf8
28. Bb2 Nc6 29. Bc3 Ne7 30. Kh1 Bd5 31. Ng1 Qxf2 32. Bxd5 Nxd5 33. Rxe6 Qxc2
34. Rxc2 Rbe8 35. Rxe8 Rxe8 36. Bd2 Bxd4 37. Nf3 Bg7 38. Kg2 Re2+ 39. Kf1 Ne3+
40. Kxe2 Nxc2 41. Kd3 Na3 42. Bc1 Nc4 43. a4 Nb6 44. a5 Nd7 45. a6 Nb6 46. Be3
Na8 47. Nd4 Bxd4 48. Kxd4 c6 49. Bf4 Kf7 50. Bxd6 Ke6 51. Kc5 Kd7 52. Bf4 Ke7
1-0

[Event "Ì15Ï"]
[Site "Loo"]
[Date "2017.04.27"]
[Round "8.22"]
[White "Ëèñèìåíêî, Ðóñëàí."]
[Black "Ñîëîäÿíêèí, Òèìîôåé."]
[Result "1/2-1/2"]
[WhiteElo "1733"]
[BlackElo "1867"]
[PlyCount "96"]
[EventDate "2017.04.20"]

1. c4 Nf6 2. g3 g6 3. Bg2 Bg7 4. e4 d6 5. Ne2 O-O 6. O-O e5 7. d3 a6 8. Nbc3
Nbd7 9. f4 Rb8 10. a4 a5 11. f5 c6 12. h3 Nc5 13. g4 Nfd7 14. g5 Re8 15. f6 Bf8
16. Bf3 Nb6 17. Be3 Be6 18. Bxc5 dxc5 19. Qc2 h5 20. h4 Qd7 21. Rad1 Nc8 22.
Ng3 Nd6 23. Rb1 b5 24. b3 bxc4 25. bxc4 Rb4 26. Na2 Reb8 27. Nxb4 cxb4 28. Ne2
Nb7 29. Kh2 Rd8 30. Nc1 Qd4 31. Be2 Rd7 32. Nb3 Qc3 33. Qa2 Rxd3 34. Bxd3 Qxd3
35. Qg2 Bg4 36. Rfc1 Nc5 37. Nxa5 Nxe4 38. Rb3 Nc3 39. Nxc6 e4 40. Ne7+ Kh7 41.
c5 Qc4 42. Rbxc3 bxc3 43. Qc2 Qxc5 44. a5 Qe5+ 45. Kg2 Bf3+ 46. Kf2 Qd4+ 47.
Kg3 Qe5+ 48. Kf2 Qd4+ 1/2-1/2

[Event "Ì15Ï"]
[Site "Loo"]
[Date "2017.04.27"]
[Round "8.23"]
[White "Êîðîëåâ, Êèðèëë."]
[Black "Ãàâðèëèí, Ðîìàí."]
[Result "1-0"]
[WhiteElo "1854"]
[BlackElo "1668"]
[PlyCount "79"]
[EventDate "2017.04.20"]

1. d4 Nf6 2. c4 e6 3. Nc3 Bb4 4. e3 O-O 5. Nge2 Re8 6. a3 Bf8 7. Ng3 d5 8. cxd5
exd5 9. Bd3 c6 10. O-O Nbd7 11. b4 Bd6 12. Qb3 Nf8 13. Na4 Qc7 14. b5 h5 15.
bxc6 bxc6 16. f4 h4 17. Nf5 Bxf5 18. Bxf5 Ne4 19. Nc3 Rab8 20. Qc2 Nxc3 21.
Qxc3 c5 22. Bd2 cxd4 23. Qxd4 Bc5 24. Qd3 Rbd8 25. Rac1 Qe7 26. Rfe1 Bxa3 27.
Rc6 g6 28. Bg4 Qe4 29. Qxa3 d4 30. Bf3 Qf5 31. e4 Qb5 32. Qc5 Qb2 33. Qc2 Qb5
34. Rb1 d3 35. Rxb5 dxc2 36. Rxc2 Ne6 37. Rd5 Nd4 38. Rxd8 Rxd8 39. Ra2 Nxf3+
40. gxf3 1-0